| LEADER | 02645nam a2200469 i 4500 | ||
|---|---|---|---|
| 001 | 312428 | ||
| 003 | CZ PrSKC | ||
| 005 | 20260601215722.0 | ||
| 007 | ta | ||
| 008 | 240613s2024 xr e 000 f cze | ||
| 015 | |a cnb003611333 | ||
| 020 | |a 9788076835054 |q (vázáno) : |c Kč 499,00 | ||
| 035 | |a (OCoLC)1451770119 | ||
| 040 | |a ABG001 |b cze |e rda | ||
| 041 | 1 | |a cze |h eng | |
| 072 | 7 | |a 821.111-3 |x Anglická próza, anglicky psaná |2 Konspekt | |
| 080 | |a 821.111-31 |2 MRF | ||
| 080 | |a (0:82-993) |2 MRF | ||
| 100 | 1 | |a Malpas, Jodi Ellen, |d 1980- |7 ola2014847328 |4 aut | |
| 240 | 1 | 0 | |a This man. |l Česky |
| 245 | 1 | 0 | |a This man. |p Odhalení / |c Jodi Ellen Malpasová ; z anglického originálu This man ... přeložila Zdenka Lišková |
| 246 | 3 | 0 | |a Odhalení |
| 250 | |a 2. vydání | ||
| 264 | 1 | |a Praha : |b XYZ, |c 2024 | |
| 300 | |a 502 stran ; |c 22 cm | ||
| 336 | |a text |b txt |2 rdacontent | ||
| 337 | |a bez média |b n |2 rdamedia | ||
| 338 | |a svazek |b nc |2 rdacarrier | ||
| 520 | 2 | |a První díl erotické trilogie This Man. |b Ava O'Sheaová dostane novou zakázku na úpravu interiérů v luxusním Panském sídle. Očekává, že ji přijme postarší rezervovaný pán, ale Jesse Ward je pravý opak. Tenhle neuvěřitelně pohledný muž ji na první pohled okouzlí a ona se nechá strhnout jeho šarmem a sebejistotou. Zároveň si uvědomí, že mu nemůže podlehnout úplně, a snaží se proto alespoň částečně vymanit z jeho vlivu, jak jí velí intuice. Jenže Jesse ji nechce pustit. Posílá jí do práce bílé kaly, brání ji před bývalým milencem i před zuřivým řidičem a její spolubydlící koupí nové auto, aby už z něj Ava neměla modřiny. Ubrání se mu, nebo tomuto rozporuplnému muži podlehne? A co odhalí v Panském sídle? Nakladatelská anotace. Kráceno. | |
| 546 | |a Český text | ||
| 655 | 7 | |a anglické romány |7 fd131814 |2 czenas | |
| 655 | 7 | |a erotické romány |7 fd132211 |2 czenas | |
| 655 | 9 | |a English fiction |2 eczenas | |
| 655 | 9 | |a erotic novels |2 eczenas | |
| 700 | 1 | |a Lišková, Zdenka |7 pna2012730651 |4 trl | |
| 787 | 0 | 8 | |i Z cyklu: |t Tento muž |g 1 |
| 900 | |a ABA001 |b 20 | ||
| 928 | 9 | |a Albatros Media - XYZ | |
| 044 | |a xr | ||
| 910 | |a RBIT002 | ||
| 998 | |d 406388 |a https://core.palmknihy.cz/api/books/406388/cover?seqjgf |b https://core.palmknihy.cz/api/books/406388/cover/400?seqjgf |c https://core.palmknihy.cz/api/books/406388/cover/50?seqjgf |e 2030-01-08 |g 504 |i 9788076835054 |j https://core.palmknihy.cz/api/books/406388/preview.epub |k https://core.palmknihy.cz/api/books/406388/preview.pdf |l |q 49 |r 1 |s https://www.palmknihy.cz/kniha/406388 |t ebook |y 2024 |z 0 |v Tento muž |w 1 | ||
| 999 | |d 312426 | ||